Renaissance of Asia evolving economic relations between South Asia and East Asia /

Bibliographic Details
Corporate Author: ProQuest (Firm)
Other Authors: Rana, Pradumna Bickram.
Format: Electronic eBook
Language:English
Published: Singapore : World Scientific Pub. Co., 2012.
Subjects:
Online Access:Click to View
LEADER 01410nam a2200373 a 4500
001 EBC919112
003 MiAaPQ
005 20200520144314.0
006 m o d |
007 cr cn|||||||||
008 120611s2012 si abd sb 001 0 eng d
020 |z 9814366501 
020 |z 9789814366502 
020 |a 9789814366519 (electronic bk.) 
035 |a (MiAaPQ)EBC919112 
035 |a (Au-PeEL)EBL919112 
035 |a (CaPaEBR)ebr10563517 
035 |a (CaONFJC)MIL364660 
035 |a (OCoLC)794328405 
040 |a MiAaPQ  |c MiAaPQ  |d MiAaPQ 
043 |a az-----  |a ae----- 
050 4 |a HF1359  |b .R46 2012 
245 0 0 |a Renaissance of Asia  |h [electronic resource] :  |b evolving economic relations between South Asia and East Asia /  |c editor, Pradumna B. Rana. 
260 |a Singapore :  |b World Scientific Pub. Co.,  |c 2012. 
300 |a xxv, 250 p. :  |b ill., maps. 
504 |a Includes bibliographical references and index. 
533 |a Electronic reproduction. Ann Arbor, MI : ProQuest, 2015. Available via World Wide Web. Access may be limited to ProQuest affiliated libraries. 
650 0 |a International economic relations. 
650 0 |a Economics  |z South Asia. 
650 0 |a Economics  |z East Asia. 
655 4 |a Electronic books. 
700 1 |a Rana, Pradumna Bickram. 
710 2 |a ProQuest (Firm) 
856 4 0 |u https://ebookcentral.proquest.com/lib/matrademy/detail.action?docID=919112  |z Click to View